000 00447nam a22001817a 4500
003 MPLRDC
005 20220104114021.0
008 210129b ||||| |||| 00| 0 eng d
082 _a830.8 EYCS v.45 c.2
100 _a罗青
245 _a从徐志摩到余光中
_c
250 _a十版
260 _a
_b尔雅出版社
_c1985
300 _b
490 _a尔雅丛书. 45
650 _a中国文学总集
942 _cBK
_o830.8 EYCS v.45 c.2
999 _c4159
_d4149